| 000 | 00421nam a2200157 i 4500 | ||
|---|---|---|---|
| 001 | bg | ||
| 100 | 1 | _aGACA, Alicja | |
| 245 | 0 |
_aDeutsch. Konversationsübungen für polnische Studenten / _cAlicja Gaca. |
|
| 260 |
_aWarszawa : _bPaństw. Wydawn. Nauk., _c[1976]. |
||
| 300 |
_as. 365, nlb. 1 : _berr. |
||
| 040 | _cBPK | ||
| 041 | _apol | ||
| 080 | _a803.0 | ||
| 942 | _cKS | ||
| 008 | s pl f |000 0 pol | ||
| 999 |
_c27465 _d27465 |
||
| 856 |
_uhttp://koha.tu.koszalin.pl/cgi-bin/koha/opac-detail.pl?biblionumber=27465 _yKatalog online BPK |
||